[Event "Serpukhov-A"]
[Site "Serpukhov"]
[Date "2002.??.??"]
[Round "11"]
[White "Balendo, Pavel"]
[Black "Kurenkov, Nikolai"]
[Result "0-1"]
[WhiteElo "2122"]
[BlackElo "2364"]
[PlyCount "97"]
[EventDate "2002.08.22"]
[EventType "tourn"]
[EventRounds "11"]
[EventCountry "RUS"]
[EventCategory "3"]
[SourceTitle "EXT 2003"]
[Source "ChessBase"]
[SourceDate "2002.11.25"]
[SourceVersion "1"]
[SourceVersionDate "2002.11.25"]
[SourceQuality "1"]

1. Nf3 g6 2. c4 Bg7 3. g3 Nf6 4. Bg2 0-0 5. 0-0 d6 6. d4 Nc6 7. Nc3 Bf5 8. Nh4 Bd7 9. h3 Qc8 10. Kh2 Nxd4 11. b3 c5 12. Bb2 Bc6 13. e3 Bxg2 14. Nxg2 Nc6 15. Nf4 Ne4 16. Nxe4 Bxb2 17. Rb1 Bg7 18. Nd5 b6 19. Qe2 Qd7 20. Rbd1 Rad8 21. Rd2 Kh8 22. f3 f5 23. Nf2 e6 24. Nf4 Qf7 25. Rfd1 g5 26. Ng2 d5 27. f4 gxf4 28. Nxf4 d4 29. N2d3 e5 30. Nd5 e4 31. N3f4 d3 32. Qf2 Ne5 33. Rb2 b5 34. Rc1 bxc4 35. bxc4 Rb8 36. Rxb8 Rxb8 37. Kh1 Nf3 38. Nxd3 Qh5 39. N5f4 Qe8 40. Nd5 exd3 41. Qxf3 Qe4 42. Qxe4 fxe4 43. Kg1 Rb2 44. a3 Rc2 45. Rb1 d2 46. Rb8+ Bf8 47. Rxf8+ Kg7 48. Rf1 Rc1 49. Nc3 0-1

[Event "Serpukhov op"]
[Site "Serpukhov"]
[Date "2002.??.??"]
[Round "7"]
[White "Balendo, Pavel"]
[Black "Lomakina, Galja"]
[Result "1-0"]
[WhiteElo "2189"]
[BlackElo "2253"]
[PlyCount "73"]
[EventDate "2002.??.??"]
[EventType "swiss"]
[EventRounds "15"]
[EventCountry "RUS"]
[SourceTitle "EXT 2007"]
[Source "ChessBase"]
[SourceDate "2006.11.23"]
[SourceVersion "1"]
[SourceVersionDate "2006.11.23"]
[SourceQuality "1"]

1. b4 e5 2. Bb2 f6 3. b5 d5 4. e3 Be6 5. Nf3 Bd6 6. c4 c6 7. Qb3 Nd7 8. d4 e4 9. Nfd2 f5 10. Nc3 Ndf6 11. bxc6 bxc6 12. cxd5 cxd5 13. Nb5 Bb8 14. Ba3 Nh6 15. Qc3 Qc8 16. Qxc8+ Bxc8 17. Nd6+ Bxd6 18. Bxd6 Kd7 19. Ba3 g5 20. h4 g4 21. g3 a5 22. Nb3 Rd8 23. Rc1 Nhg8 24. Bb5+ Ke6 25. Rc7 Ne8 26. Bxe8 Rxe8 27. Rxh7 Kf6 28. Bd6 Ba6 29. Be5+ Kg6 30. Rd7 Bc4 31. h5+ Kg5 32. Rd6 f4 33. gxf4+ Kf5 34. h6 g3 35. Rh5+ Kg4 36. Rg5+ Kh4 37. h7 1-0